00673nam a2200241 a 4500001001300000003000900013005001700022008004100039020001000080082001300090100002400103245006200127260002600189300000900215500003500224505001000259650001700269700002400286902000800310942000700318952009100325999001500416nice12345678IN_TiNIC20260116011953.0050524s1961 lona grp 000 0 eng  ac3.800a203bLAN aLanczkowski, Gunter aSacred Writingsb a Guide to the Literature of Religions. aLondonbCollinsc1961 a191p aincludes index and biblioraphy2 aIndex aSacred Books1 aLanczkowski, Gunter bSRS cBK 00104070aHMIbHMId2007-06-13g3.80l0o203 LANp06974r2007-06-13w2026-01-16yEB c5115d5115